00708cam a22002171 4500001001300000003000400013005001700017008004100034010001700075035002000092040001900112042001200131050001800143060001800161100002500179245008500204260008700289300001400376710008300390999001700473med47001953 DLC20260227111604.0820128s1947 xx 000 0 eng  amed47001953  a(OCoLC)14651098 aDLCcDNLMdDLC apremarc00aHD7256.U6bS40 aW6bP3 v.57651 aShortley, Michael J.10aJuly 6th is Independence Day for disabled civilians;ban anniversary message ... a[Washington,bFederal Security Agency, Office of Vocational Rehabilitation,c1947] aiv, 33 p.1 aUnited States.bFederal Security Agency.bOffice of Vocational Rehabilitation. c38473d38473